| 000 | 00376nam a22001457a 4500 | ||
|---|---|---|---|
| 999 |
_c197367 _d197367 |
||
| 008 | 230822b ||||| |||| 00| 0 eng d | ||
| 082 | _aS-SIN | ||
| 100 | _aSinha, Sarojini | ||
| 245 |
_aA Pinch of Salt Rocks an Empire _hEnglish |
||
| 260 |
_aDelhi _bA.I.C.B. _cRohini |
||
| 270 | _aA.I.C.B. Rohini, Delhi | ||
| 300 | _a12x13 | ||
| 490 | _v1 | ||
| 942 |
_2ddc _cBRLEN _kS _mSIN |
||